LEADER 02806oam 2200673I 450 001 9910779945203321 005 20230421041429.0 010 $a1-134-78088-5 010 $a1-134-78089-3 010 $a1-280-15742-9 010 $a0-203-43626-1 010 $a0-203-28609-X 024 7 $a10.4324/9780203436264 035 $a(CKB)111056485526080 035 $a(EBL)178603 035 $a(OCoLC)191031502 035 $a(SSID)ssj0000184532 035 $a(PQKBManifestationID)11182379 035 $a(PQKBTitleCode)TC0000184532 035 $a(PQKBWorkID)10204674 035 $a(PQKB)10661584 035 $a(MiAaPQ)EBC178603 035 $a(Au-PeEL)EBL178603 035 $a(CaPaEBR)ebr10057599 035 $a(CaONFJC)MIL15742 035 $a(OCoLC)52093347 035 $a(EXLCZ)99111056485526080 100 $a20180331d1996 uy 0 101 0 $aeng 135 $aurcn||||||||| 181 $ctxt 182 $cc 183 $acr 200 10$aItaly and the wider world 1860-1960 /$fR.J.B. Bosworth 210 1$aNew York :$cRoutledge,$d1996. 215 $a1 online resource (263 p.) 300 $aDescription based upon print version of record. 311 $a0-415-86241-8 311 $a0-415-13477-3 320 $aIncludes bibliographical references (p. 188-240) and index. 327 $aBook Cover; Title; Contents; Tables; Preface; Introduction: The problem of Italy and the wider world 1860 1960; ITALIAN DIPLOMACY AND EUROPEAN POWER POLITICS 1860 1922; ITALIAN DIPLOMACY AND EUROPEAN POWER POLITICS 1922 60; THE ITALIAN MILITARY IN WAR AND PEACE 1860 1960; ITALIAN COMMERCE AND THE WIDER WORLD 1860 1960; THE RISE AND FALL OF THE ITALIAN EMPIRE 1860 1960; THE RISE AND RISE OF THE EMPIRE OF THE ITALIES: EMIGRATION 1860-1960; CULTURES AND IDEOLOGY FOR EXPORT: ITALY AND THE ITALIES 1860-1960; VISITING ITALY: TOURISM AND LEISURE 1860-1960; Conclusion; Notes; Index; 330 $a`It would be difficult to imagine a more wittier or stimulating text.' Paul Preston, LSE. Bosworth challenges many aspects of current Italian historiography and offers an original and lively vision of the place of Italy in modern history. 606 $aCivilization$xItalian influences 606 $aCivilization, Modern$y19th century 607 $aItaly$xForeign relations 607 $aItaly$xEmigration and immigration 607 $aItaly$xCivilization$y1789-1900 607 $aItaly$xCivilization$y20th century 615 0$aCivilization$xItalian influences. 615 0$aCivilization, Modern 676 $a945/.08 700 $aBosworth$b R. J. B.$0140631 801 0$bMiAaPQ 801 1$bMiAaPQ 801 2$bMiAaPQ 906 $aBOOK 912 $a9910779945203321 996 $aItaly and the Wider World 1860-1960$9500822 997 $aUNINA LEADER 01034nam0 22002651i 450 001 UON00409385 005 20231205104733.584 100 $a20120510d1961 |0itac50 ba 101 $arus 102 $aRU 105 $a|||| 1|||| 200 1 $aStichi$fKornej ?ukovskij 210 $aMoskva$cChudo?estvennaja literatura$d1961 215 $a174 p.$d13 cm. 410 1$1001UON00172401$12001 $aBiblioteka sovetskoj poezii$1210 $aMoskva$cChudo?estevnnaja literatura 620 $aRU$dMoskva$3UONL003152 676 $a891.714$cLetteratura russa. Poesia 1917-1991$v22 700 1$a?UKOVSKIJ$bKornej Ivanovi?$3UONV116847$0559240 712 $aChudo?estvennaja literatura$3UONV265798$4650 801 $aIT$bSOL$c20241213$gRICA 899 $aSIBA - SISTEMA BIBLIOTECARIO DI ATENEO$2UONSI 912 $aUON00409385 950 $aSIBA - SISTEMA BIBLIOTECARIO DI ATENEO$dSI RUSSO A 1533 $eSI SLA359 5 1533 996 $aStichi$91341661 997 $aUNIOR